000 00497cam a2200205ua 4500
001 7950
008 150102n ii |||gr||||Z||||||hin
020 _a9788173156243
040 _cMAIN
041 _ahin
082 _a891.433
100 _aBhagat, C.,
_eAuthor.
245 1 _aFive point someone
_cBy Chetan Bhagat
250 _a1st.
260 _aNew Delhi:
_bPrabhat,
_c2008.
300 _a223p.
653 _aEast Indo-European & Celtic literatures
653 _aHindi novels
942 _cBK
999 _c7070
_d7070